000 00541nam a2200193Ia 4500
008 140306s9999 xx 000 0 und d
020 _a007451900X
041 _aeng
082 _a001.42
_bSET/RE
100 _aGroeneveld, Leonard
245 _aResearch mthods in marketing and management
260 _aNew Delhi
_bTata Mc Graw -Hill Publishing Company Limited
_c1984
300 _a332
365 _bRs.125
650 _aInformation acquistion
650 _aPopulation parameters
700 _aSethna Beheruz, N
942 _2ddc
_cBK
999 _c178391
_d178391